Oxford Dictionaries Top 1000 English Words - 81 Start with P - Statistics

General Stats
  • This quiz has been taken 5,632 times
  • The average score is 31 of 81
Answer Stats
P % Correct
Part
84%
Per
84%
Past
82%
Put
79%
Pass
74%
Pull
73%
Pay
70%
Plan
68%
Play
68%
Post
68%
Push
67%
People
65%
Please
65%
Pick
63%
Person
61%
Place
57%
Party
53%
Poor
52%
Page
51%
Press
51%
Present
48%
Prove
48%
Plant
46%
Price
45%
Paper
44%
Product
41%
Power
40%
Produce
38%
Picture
36%
Piece
36%
Police
36%
Partner
35%
Point
35%
Protect
35%
Possible
34%
Programme
34%
Promise
34%
Parent
33%
Phone
33%
Personal
32%
Public
32%
Player
31%
Process
31%
Production
31%
Popular
30%
Private
30%
Probably
30%
Per cent
29%
Perform
29%
Position
29%
Pretty
29%
Problem
29%
Provide
29%
Pressure
28%
Prevent
28%
Perhaps
27%
Professional
27%
Purpose
27%
Particular
26%
Pattern
26%
President
25%
Performance
24%
Practice
24%
Promote
24%
Policy
23%
Political
23%
Propose
23%
Property
22%
Project
21%
Particularly
20%
Positive
20%
Period
19%
Population
19%
Publish
18%
Patient
16%
Protein
16%
Previous
15%
Physical
14%
Presence
13%
Principle
13%
Potential
10%
No matching quizzes found
Score Distribution
Percent of People with Each Score
Percentile by Number Answered
Your Score History
You have not taken this quiz